000
00500nam a2200181Ia 4500
008
100917s9999 xx 000 0 und d
082
_b
3928
100
_a
माडखोलकर गजानन त्र्यंबक
245
_a
नवे संसार
260
_b
---
_c
1941
300
_a
354
365
_b
3
520
_a
कादंबरी
630
_a
नवे संसार
650
_a
कादंबरी
730
_a
नवे संसार
942
_c
BOOK
999
_c
609322
_d
609319